Catalog

Record Details

Catalog Search



The things we never say / Elizabeth Strout.

Strout, Elizabeth,(author.).

Available copies

  • 0 of 1 copy available at LARL/NWRL Consortium. (Show)
  • 0 of 1 copy available at Northwest Regional Library.

Current holds

0 current holds with 1 total copy.

Show Only Available Copies
Location Call Number / Copy Notes Barcode Shelving Location Status Due Date
Roseau Public Library lp STR (Text) 35500006941270 New Checked out 07/15/2026

Record details

  • ISBN: 9798891648715
  • Physical Description: 263 pages (large print) ; 23 cm
  • Edition: Center Point Large Print edition.
  • Publisher: Thorndike, Maine : Center Point Large Print, 2026.

Content descriptions

General Note:
Regular print version previously published by: Random House.
Summary, etc.:
"Artie Dam is living a double life. He spends his ... Read More
Subject: History teachers > Fiction.
Alienation (Social psychology) > Fiction.
Life change events > Fiction.
Family secrets > Fiction.
Interpersonal relations > Fiction.
Massachusetts > Fiction.
Large type books.
Genre: Domestic fiction.
Psychological fiction.
Large print books.
LDR 03517cam a2200649 i 4500
001490452
003LARL_NWRL_CONSORTIUM
00520260617092633.0
008260421t20262026meu d 000 f eng d
010 . ‡a 2026933165
040 . ‡aCPLPT ‡beng ‡erda ‡cCPLPT ‡dOCLCO ‡dIG# ‡dYDX ‡dOCLCQ ‡dDWP ‡dBDX ‡dOCLCQ ‡dHQD ‡dFMG
019 . ‡a1574789850 ‡a1588479963 ‡a1592166316
020 . ‡a9798891648715 ‡q(hardback : large print)
035 . ‡a(OCoLC)1586820340 ‡z(OCoLC)1574789850 ‡z(OCoLC)1588479963 ‡z(OCoLC)1592166316
043 . ‡an-us-ma
08204. ‡a813.54 ‡223/eng/2019
1001 . ‡aStrout, Elizabeth, ‡eauthor. ‡1https://id.oclc.org/worldcat/entity/E39PBJgd3vCXhYPtHwqxkxg9Xd ‡0(LARL_NWRL_CONSORTIUM)126505
24514. ‡aThe things we never say / ‡cElizabeth Strout.
250 . ‡aCenter Point Large Print edition.
264 1. ‡aThorndike, Maine : ‡bCenter Point Large Print, ‡c2026.
264 4. ‡c©2026
300 . ‡a263 pages (large print) ; ‡c23 cm
336 . ‡atext ‡btxt ‡2rdacontent
337 . ‡aunmediated ‡bn ‡2rdamedia
338 . ‡avolume ‡bnc ‡2rdacarrier
340 . ‡n16-point type.
340 . ‡nlarge print. ‡2rdafs
3410 . ‡bLarge type / large print edition ‡2onix
3410 . ‡atextual ‡blargePrint ‡2sapdv
500 . ‡aRegular print version previously published by: Random House.
520 . ‡a"Artie Dam is living a double life. He spends his days teaching history to eleventh graders, expanding their young minds, correcting their casual cruelties, and lending a kind word to those who need it most. He goes to holiday parties with his wife of three decades, makes small talk with neighbors, and, on weekends, takes his sailboat out on the beautiful Massachusetts Bay. He is, by all appearances, present and alive. But inside, Artie is plagued by feelings of isolation. He looks out at a world gone mad--at himself and the people around him--and turns a question over and over in his mind: How is it that we know so little about one another, even those closest to us? And then, one day, Artie learns that life has been keeping a secret from him, one that threatens to upend his entire world. Once he learns it, he is forced to chart a new course, to reconsider the relationships he holds most dear--and to make peace with the mysteries at the heart of our existence."-- ‡cProvided by publisher.
650 0. ‡aHistory teachers ‡vFiction. ‡0(LARL_NWRL_CONSORTIUM)165597
650 0. ‡aAlienation (Social psychology) ‡vFiction. ‡0(LARL_NWRL_CONSORTIUM)163319
650 0. ‡aLife change events ‡vFiction. ‡0(LARL_NWRL_CONSORTIUM)165934
650 0. ‡aFamily secrets ‡vFiction. ‡0(LARL_NWRL_CONSORTIUM)164948
650 0. ‡aInterpersonal relations ‡vFiction. ‡0(LARL_NWRL_CONSORTIUM)165331
651 0. ‡aMassachusetts ‡vFiction. ‡0(LARL_NWRL_CONSORTIUM)166015
650 0. ‡aLarge type books. ‡0(LARL_NWRL_CONSORTIUM)24284
655 7. ‡aDomestic fiction. ‡2lcgft
655 7. ‡aPsychological fiction. ‡2lcgft
655 7. ‡aLarge print books. ‡2lcgft
901 . ‡a490452 ‡bAUTOGEN ‡c490452 ‡tbiblio

Additional Resources